| 000 | 00447nam a22001697a 4500 | ||
|---|---|---|---|
| 003 | OSt | ||
| 005 | 20241021073915.0 | ||
| 008 | 241021b |||||||| |||| 00| 0 eng d | ||
| 040 | _cDLC | ||
| 050 | _aM875A | ||
| 082 | _aM875A | ||
| 100 |
_aMorris, Marc _9168 |
||
| 245 |
_aThe Anglo-Saxons: _bA history of the beginnings of England 400-1066/ _cby Marc Morris |
||
| 260 |
_aNew York: _bPegasus Books, _c2021. |
||
| 300 | _a508p. | ||
| 942 |
_2ddc _cBK |
||
| 999 |
_c11173 _d11173 |
||